000 00310nam a22001457a 4500
008 230921b ||||| |||| 00| 0 eng d
020 _a0867200189
041 _aeng
080 _a521
082 _a521BOW
100 _a19
101 _aASTRO
245 _aASTROPHYSICS I STARS
_cBOWERS.R
942 _2udc
_cBK
999 _c60385
_d60385